Caricamento...

Lailamanju /

Dettagli Bibliografici
Autore principale: Ramakrishnan, Malloor
Lingua:Undetermined
Pubblicazione: 1961.
Soggetti:
LEADER 00403nam a2200133Ia 4500
001 64052
008 170722s9999 xx 000 0 und d
100 |a Ramakrishnan, Malloor 
245 |a Lailamanju / 
260 |c 1961. 
653 |a Malayalam Novel 
942 |c GEN 
999 |c 65862  |d 65862 
952 |0 0  |1 0  |4 0  |6 O_323NRA7L_K1_CR  |7 0  |8 CR  |9 93646  |a LIB  |b LIB  |d 2017-08-12  |o O32,3NRA7,L K1 (CR)  |p 106607  |r 2017-08-12  |w 2017-08-12  |y GEN